Альтист Данилов: роман

Detaylı Bibliyografya
Yazar: Орлов В. В. Владимир Викторович
Diğer Yazarlar: Латышев М. (составитель)
Özet:Исключено из фонда НТБ ТПУ
Dil:Rusça
Baskı/Yayın Bilgisi: Москва, Терра, 1994
Seri Bilgileri:Четвертое измерение
Materyal Türü: MixedMaterials Kitap
KOHA link:https://koha.lib.tpu.ru/cgi-bin/koha/opac-detail.pl?biblionumber=145871

MARC

LEADER 00000nam0a2200000 4500
001 145871
005 20231031144318.0
010 |a 5852553271 
020 |a RU  |b 94-15184 
035 |a (RuTPU)RU\TPU\book\158115 
090 |a 145871 
100 |a 20081023d1994 m y0rusy5003 ca 
101 0 |a rus 
102 |a RU 
105 |a y z 000ay 
200 1 |a Альтист Данилов  |e роман  |f В. В. Орлов  |g сост. М. Латышев 
210 |a Москва  |c Терра  |d 1994 
215 |a 554,[1] с.  |d 17 см 
225 1 |a Четвертое измерение 
333 |a Исключено из фонда НТБ ТПУ 
700 1 |a Орлов  |b В. В.  |g Владимир Викторович  |4 070 
702 1 |a Латышев  |b М.  |4 220 
801 0 |a RU  |b RuMRKP  |c 19950413  |g psbo 
801 1 |a RU  |b 63413507  |c 20081023  |g PSBO 
801 2 |a RU  |b 63413507  |c 20170517  |g PSBO 
942 |c BK